[Event "Bluenose Winter Sectional B"]
[Site "Halifax CAN"]
[Date "1997.03.23"]
[Round "6"]
[White "Phillips, Gary"]
[Black "Davies, Cedric"]
[Result "0-1"]
[WhiteElo "1791"]
[BlackElo "1828"]
[PlyCount "74"]
[GameId "2160767911966266"]
[EventDate "1997.03.22"]
[EventType "tourn"]
[EventRounds "6"]
[EventCountry "CAN"]

1. e4 c6 2. f4 d5 3. e5 Bf5 4. d4 e6 5. Nf3 c5 6. Bd3 Nh6 7. Be3 Nc6 8. c3 Qb6 9. b3 Rc8 10. O-O cxd4 11. Nxd4 Nxd4 12. Bxd4 Bc5 13. Be2 O-O 14. Bxc5 Rxc5 15. Qd4 Bxb1 16. Raxb1 Nf5 17. Qf2 Rxc3 18. Qxb6 axb6 19. Rfd1 Rfc8 20. Bb5 Ne3 21. Re1 d4 22. a4 Rc2 23. Bf1 Kf8 24. Be2 Rd2 25. Bf3 Rcc2 26. Be4 Rb2 27. Rbc1 g6 28. Bxb7 Nd5 29. Rc8+ Kg7 30. Bxd5 exd5 31. Rd8 Rxg2+ 32. Kh1 Rxh2+ 33. Kg1 Rhg2+ 34. Kh1 Rge2 35. Rd1 d3 36. Rxd5 d2 37. Rf1 Re1 0-1

[Event "Bluenose Winter Sectional C"]
[Site "Halifax CAN"]
[Date "1997.03.22"]
[Round "1"]
[White "Fraser, Alex"]
[Black "Klapstein, John"]
[Result "1-0"]
[WhiteElo "1714"]
[BlackElo "1717"]
[PlyCount "91"]
[GameId "2160767911966272"]
[EventDate "1997.03.22"]
[EventType "tourn"]
[EventRounds "6"]
[EventCountry "CAN"]

1. d4 d5 2. c4 c6 3. Nf3 Nf6 4. Nc3 Bf5 5. Qb3 dxc4 6. Qxb7 Bc8 7. Qb4 Nd5 8. Qxc4 Ba6 9. Qb3 e6 10. e4 Bxf1 11. Kxf1 Nf6 12. Qb7 Nfd7 13. Qxa8 Qc7 14. Bf4 Qxf4 15. Qxa7 Bb4 16. Re1 O-O 17. Re3 e5 18. Nxe5 Nxe5 19. dxe5 Qxe5 20. Rd3 Bxc3 21. bxc3 Qxe4 22. Qe3 Qc4 23. Qe2 c5 24. f3 Nc6 25. Kf2 Ne5 26. Re3 Qxe2+ 27. Kxe2 f6 28. a4 Rb8 29. Ra1 Rb2+ 30. Kf1 c4 31. Re2 Rb8 32. a5 Kf7 33. a6 Ra8 34. a7 Nc6 35. Rea2 Ke6 36. Kf2 h5 37. g3 g5 38. f4 Kd5 39. Ra6 Kd6 40. h3 Kc7 41. Ke3 gxf4+ 42. gxf4 Re8+ 43. Kf3 Ra8 44. Ke4 Kd6 45. Kf5 Kd7 46. Kxf6 1-0

[Event "Bluenose Winter Sectional C"]
[Site "Halifax CAN"]
[Date "1997.03.22"]
[Round "1"]
[White "Hennigar, Tim"]
[Black "Ko, Kyung-Ho"]
[Result "1/2-1/2"]
[WhiteElo "1552"]
[BlackElo "1654"]
[PlyCount "54"]
[GameId "2160767911966273"]
[EventDate "1997.03.22"]
[EventType "tourn"]
[EventRounds "6"]
[EventCountry "CAN"]

1. d4 d5 2. c4 e6 3. Nf3 Nf6 4. Bg5 Nbd7 5. e3 Be7 6. Nc3 O-O 7. Rc1 b6 8. cxd5 Nxd5 9. Bxe7 Nxe7 10. Qc2 Bb7 11. e4 c5 12. Qb1 cxd4 13. Nxd4 Nc5 14. Nb3 Nxb3 15. axb3 Rc8 16. Bc4 a6 17. O-O Ng6 18. Rcd1 Qe7 19. f4 b5 20. Be2 Rfd8 21. Rxd8+ Qxd8 22. Qe1 Qd4+ 23. Qf2 Qxf2+ 24. Rxf2 b4 25. f5 bxc3 26. fxg6 c2 27. gxf7+ Kf8 1/2-1/2

[Event "Bluenose Winter Sectional C"]
[Site "Halifax CAN"]
[Date "1997.03.22"]
[Round "2"]
[White "Fraser, Alex"]
[Black "Ko, Kyung-Ho"]
[Result "1-0"]
[WhiteElo "1654"]
[BlackElo "1714"]
[PlyCount "49"]
[GameId "2160767911966274"]
[EventDate "1997.03.22"]
[EventType "tourn"]
[EventRounds "6"]
[EventCountry "CAN"]

1. d4 d5 2. Nf3 Nf6 3. e3 Bf5 4. c4 c6 5. Qb3 Qc7 6. Nc3 e6 7. Bd2 Be7 8. Be2 Nbd7 9. O-O dxc4 10. Bxc4 b5 11. Be2 O-O 12. Rac1 Qb7 13. a3 Rfc8 14. Na4 Rc7 15. Nc3 Ne4 16. Nxe4 Bxe4 17. Bb4 Bd5 18. Qc3 Bxb4 19. Qxb4 a6 20. Qd6 Nf6 21. b4 Rd7 22. Qf4 Qc7 23. Ne5 Re7 24. Bf3 Nd7 25. Nxc6 1-0

[Event "Bluenose Winter Sectional C"]
[Site "Halifax CAN"]
[Date "1997.03.22"]
[Round "3"]
[White "Ko, Kyung-Ho"]
[Black "Klapstein, John"]
[Result "1/2-1/2"]
[WhiteElo "1654"]
[BlackElo "1717"]
[PlyCount "112"]
[GameId "2160767911966275"]
[EventDate "1997.03.22"]
[EventType "tourn"]
[EventRounds "6"]
[EventCountry "CAN"]

1. d4 d5 2. c4 e6 3. Nc3 Nf6 4. Bg5 Nbd7 5. Nf3 c6 6. e3 Be7 7. Rc1 O-O 8. Qc2 Re8 9. Bd3 c5 10. O-O cxd4 11. exd4 dxc4 12. Bxc4 Nb6 13. Bb3 Bd7 14. Qd3 Nbd5 15. Nxd5 Nxd5 16. Bxe7 Qxe7 17. Bxd5 exd5 18. Rfe1 Be6 19. Rc3 Rac8 20. Rec1 a6 21. Qc2 Rc4 22. b3 Bf5 23. Qd2 Rxc3 24. Qxc3 g6 25. Re1 Qd8 26. Rxe8+ Qxe8 27. Qc7 Qd7 28. Qxd7 Bxd7 29. Kf1 f6 30. h4 h5 31. Ke1 Kf7 32. Kd2 Ke6 33. Kc3 b6 34. Ne1 a5 35. Nd3 Kd6 36. a3 Be8 37. b4 a4 38. f4 Ke6 39. g3 Kf5 40. Nf2 Bd7 41. Kd2 g5 42. fxg5 fxg5 43. hxg5 Kxg5 44. Ke3 Kf5 45. Kf3 Kg5 46. Ke3 Bb5 47. Kd2 h4 48. gxh4+ Kxh4 49. Nd3 Kg3 50. Ne5 Be8 51. Ke3 Bb5 52. Nf7 Kg4 53. Nd6 Bd7 54. Kd3 Kf3 55. Kc3 Ke2 56. Nf7 b5 1/2-1/2

[Event "Bluenose Winter Sectional C"]
[Site "Halifax CAN"]
[Date "1997.03.23"]
[Round "4"]
[White "Klapstein, John"]
[Black "Fraser, Alex"]
[Result "1/2-1/2"]
[WhiteElo "1717"]
[BlackElo "1714"]
[PlyCount "49"]
[GameId "2160767911966276"]
[EventDate "1997.03.22"]
[EventType "tourn"]
[EventRounds "6"]
[EventCountry "CAN"]

1. e4 e5 2. Nf3 Nc6 3. d4 exd4 4. Bc4 Nf6 5. O-O Bc5 6. e5 d5 7. exf6 dxc4 8. Re1+ Be6 9. Ng5 Qd5 10. Nc3 Qf5 11. Nce4 Bb6 12. Nxe6 fxe6 13. fxg7 Rg8 14. Qh5+ Qxh5 15. Nf6+ Kf7 16. Nxh5 d3 17. cxd3 cxd3 18. Bd2 Nd4 19. Re4 Ne2+ 20. Kf1 Bd4 21. Bc3 Nxc3 22. Rxd4 Kg6 23. Nf4+ Kf5 24. g4+ Kxg4 25. Nxd3+ 1/2-1/2

[Event "Bluenose Winter Sectional C"]
[Site "Halifax CAN"]
[Date "1997.03.23"]
[Round "5"]
[White "Ko, Kyung-Ho"]
[Black "Fraser, Alex"]
[Result "1-0"]
[WhiteElo "1654"]
[BlackElo "1714"]
[PlyCount "67"]
[GameId "2160767911966277"]
[EventDate "1997.03.22"]
[EventType "tourn"]
[EventRounds "6"]
[EventCountry "CAN"]

1. e4 e5 2. Nf3 Nc6 3. Bb5 a6 4. Ba4 Nf6 5. O-O Be7 6. Re1 b5 7. Bb3 O-O 8. c3 d5 9. exd5 Nxd5 10. Nxe5 Nxe5 11. Rxe5 c6 12. Bxd5 cxd5 13. d4 Bd6 14. Re1 Qh4 15. g3 Qh3 16. Qf3 Bg4 17. Qxd5 Rae8 18. Be3 Re6 19. Nd2 Rfe8 20. Qg2 Qh5 21. a4 Bh3 22. Qf3 Bg4 23. Qb7 f5 24. Qd5 Qf7 25. axb5 f4 26. gxf4 Bxf4 27. Rxa6 Bxh2+ 28. Kh1 Bd6 29. Rxd6 Rh6+ 30. Bxh6 Rxe1+ 31. Kg2 gxh6 32. Qxf7+ Kxf7 33. b6 Re7 34. Rxh6 1-0

[Event "Bluenose Winter Sectional C"]
[Site "Halifax CAN"]
[Date "1997.03.23"]
[Round "6"]
[White "Klapstein, John"]
[Black "Ko, Kyung-Ho"]
[Result "1/2-1/2"]
[WhiteElo "1717"]
[BlackElo "1654"]
[PlyCount "39"]
[GameId "2160767911966278"]
[EventDate "1997.03.22"]
[EventType "tourn"]
[EventRounds "6"]
[EventCountry "CAN"]

1. e4 e5 2. Nf3 Nc6 3. Bc4 Nf6 4. d4 exd4 5. O-O Nxe4 6. Re1 d5 7. Bxd5 Qxd5 8. Nc3 Qa5 9. Nxe4 Be6 10. Neg5 O-O-O 11. Nxe6 fxe6 12. Rxe6 Qf5 13. Re1 h6 14. Bd2 Bc5 15. a3 a5 16. b4 axb4 17. axb4 Bxb4 18. Bxb4 Nxb4 19. Ra8+ Kd7 20. Nxd4 1/2-1/2

[Event "Bluenose Winter Sectional D"]
[Site "Halifax CAN"]
[Date "1997.03.22"]
[Round "1"]
[White "Furrow, Matthew"]
[Black "Reddy, Tyler"]
[Result "0-1"]
[WhiteElo "1607"]
[BlackElo "1627"]
[PlyCount "102"]
[GameId "2160767911966279"]
[EventDate "1997.03.22"]
[EventType "tourn"]
[EventRounds "6"]
[EventCountry "CAN"]

1. d4 d5 2. c4 e6 3. Nc3 Nf6 4. Bg5 Nbd7 5. cxd5 exd5 6. e3 c6 7. Nf3 Qa5 8. Qa4 Qxa4 9. Nxa4 Ne4 10. Bd3 Bb4+ 11. Ke2 b5 12. a3 Nxg5 13. Nxg5 Be7 14. Nxh7 bxa4 15. h4 g6 16. Ng5 Bxg5 17. hxg5 Rxh1 18. Rxh1 Nf8 19. Rc1 Kd7 20. f4 a5 21. Kf3 Ba6 22. Bc2 Bb5 23. b3 axb3 24. Bxb3 Rb8 25. a4 Bc4 26. Bxc4 dxc4 27. Rxc4 Rb4 28. Rc5 Rxa4 29. Re5 Ra1 30. d5 cxd5 31. Rxd5+ Kc6 32. Re5 Ne6 33. Kg4 a4 34. e4 Rg1 35. g3 a3 36. Ra5 Ra1 37. f5 Nc5 38. fxg6 fxg6 39. Kf3 a2 40. Ke2 Nxe4 41. Kd3 Rd1+ 42. Kxe4 a1=Q 43. Rxa1 Rxa1 44. Ke5 Rf1 45. g4 Rd1 46. Kf6 Rd6+ 47. Kg7 Kd7 48. Kf7 Ra6 49. Kg7 Ke7 50. Kh6 Kf7 51. Kh7 Ra8 0-1

[Event "Bluenose Winter Sectional D"]
[Site "Halifax CAN"]
[Date "1997.03.22"]
[Round "1"]
[White "Toth, Steve"]
[Black "Ziubinski, Mark"]
[Result "1/2-1/2"]
[WhiteElo "1452"]
[BlackElo "1542"]
[PlyCount "112"]
[GameId "2160767911966280"]
[EventDate "1997.03.22"]
[EventType "tourn"]
[EventRounds "6"]
[EventCountry "CAN"]

1. e4 c5 2. Bc4 e6 3. Nc3 Qc7 4. d3 a6 5. a3 g6 6. f4 Bg7 7. Nb1 Ne7 8. c3 b5 9. Ba2 O-O 10. Nf3 Bb7 11. Nbd2 d5 12. e5 f6 13. d4 cxd4 14. cxd4 fxe5 15. fxe5 Nbc6 16. Nb3 Nf5 17. O-O a5 18. Nc5 Ncxd4 19. Nxb7 Nxf3+ 20. Rxf3 Qxb7 21. Bf4 Qb6+ 22. Kh1 Rac8 23. Rc1 b4 24. a4 Rc7 25. Bb1 Rcf7 26. Bxf5 Rxf5 27. Be3 Qb7 28. Bd4 Qb8 29. Rxf5 Rxf5 30. g4 Rf4 31. Qd3 Bxe5 32. Bxe5 Qxe5 33. Rc8+ Kf7 34. Rc1 Qe4+ 35. Qxe4 Rxe4 36. Rc7+ Kf6 37. h3 b3 38. Rc3 Rb4 39. Kg2 Kg5 40. Kg3 e5 41. Rc5 Rxa4 42. Rxd5 Kf6 43. Kf3 Rf4+ 44. Ke3 a4 45. Ra5 g5 46. Ra6+ Kg7 47. Ra7+ Rf7 48. Rxa4 Rb7 49. Ke4 Rb5 50. Ra7+ Kg6 51. Rd7 h6 52. Rd5 Rxd5 53. Kxd5 Kf6 54. Kc4 e4 55. Kd4 e3 56. Kxe3 Ke5 1/2-1/2

[Event "Bluenose Winter Sectional D"]
[Site "Halifax CAN"]
[Date "1997.03.22"]
[Round "2"]
[White "Reddy, Tyler"]
[Black "Ziubinski, Mark"]
[Result "1-0"]
[WhiteElo "1627"]
[BlackElo "1542"]
[PlyCount "53"]
[GameId "2160767911966281"]
[EventDate "1997.03.22"]
[EventType "tourn"]
[EventRounds "6"]
[EventCountry "CAN"]

1. c4 Nf6 2. g3 g6 3. Bg2 Bg7 4. Nf3 d6 5. O-O O-O 6. d4 Nbd7 7. Nc3 a6 8. a4 c5 9. Qb3 Rb8 10. dxc5 Nxc5 11. Qa2 e5 12. b4 Ncd7 13. Bg5 Qc7 14. Nd5 Nxd5 15. cxd5 Nf6 16. Rfc1 Qd7 17. Bxf6 Bxf6 18. e4 Qd8 19. Qc4 Bg7 20. Qc7 f5 21. Qxb8 fxe4 22. Ne1 e3 23. fxe3 Qf6 24. Rxc8 e4 25. Rxf8+ Bxf8 26. Nc2 Qc3 27. Rf1 1-0

[Event "Bluenose Winter Sectional D"]
[Site "Halifax CAN"]
[Date "1997.03.22"]
[Round "2"]
[White "Toth, Steve"]
[Black "Furrow, Matthew"]
[Result "0-1"]
[WhiteElo "1452"]
[BlackElo "1607"]
[PlyCount "72"]
[GameId "2160767911966282"]
[EventDate "1997.03.22"]
[EventType "tourn"]
[EventRounds "6"]
[EventCountry "CAN"]

1. e4 e5 2. Bc4 Bc5 3. Qf3 Nf6 4. h3 d6 5. Nc3 O-O 6. d3 Nc6 7. Bg5 Nd4 8. Qd1 Be6 9. Nd5 Bxd5 10. exd5 b5 11. Bb3 b4 12. Nf3 Nf5 13. g4 Nd4 14. Nd2 h6 15. Bh4 g5 16. Bg3 Qe7 17. h4 e4 18. O-O e3 19. fxe3 Qe5 20. Kg2 Ne2 21. Rf3 Qe8 22. Rxf6 Nxg3 23. Qf3 gxh4 24. Ne4 Nxe4 25. dxe4 Kg7 26. Rh1 Qe5 27. Rf5 Qe7 28. Rh5 Rae8 29. Qf4 Qxe4+ 30. Qxe4 Rxe4 31. Rf5 Kg6 32. Rf3 Re5 33. Bc4 Kg7 34. Rf5 Rxf5 35. gxf5 Kf6 36. Bd3 Rg8+ 0-1

[Event "Bluenose Winter Sectional D"]
[Site "Halifax CAN"]
[Date "1997.03.22"]
[Round "3"]
[White "Furrow, Matthew"]
[Black "Ziubinski, Mark"]
[Result "1/2-1/2"]
[WhiteElo "1607"]
[BlackElo "1542"]
[PlyCount "21"]
[GameId "2160767911966283"]
[EventDate "1997.03.22"]
[EventType "tourn"]
[EventRounds "6"]
[EventCountry "CAN"]

1. e4 c5 2. Nf3 e6 3. Nc3 a6 4. a4 Be7 5. Bc4 Nc6 6. d3 Qc7 7. Be3 b6 8. Qd2 Bb7 9. O-O Nf6 10. Rfe1 d6 11. Bf4 1/2-1/2

[Event "Bluenose Winter Sectional D"]
[Site "Halifax CAN"]
[Date "1997.03.22"]
[Round "3"]
[White "Reddy, Tyler"]
[Black "Toth, Steve"]
[Result "0-1"]
[WhiteElo "1627"]
[BlackElo "1452"]
[PlyCount "142"]
[GameId "2160767911966284"]
[EventDate "1997.03.22"]
[EventType "tourn"]
[EventRounds "6"]
[EventCountry "CAN"]

1. e4 d6 2. d4 a6 3. Bc4 c6 4. Qf3 e6 5. Nh3 h6 6. d5 exd5 7. exd5 Bxh3 8. gxh3 c5 9. Nc3 Nd7 10. Bf4 g5 11. Bg3 Qf6 12. Qe2+ Ne5 13. Ne4 Qf3 14. Qxf3 Nxf3+ 15. Kd1 O-O-O 16. Be2 Nd4 17. Bg4+ f5 18. c3 h5 19. cxd4 hxg4 20. Nxg5 Rd7 21. Re1 Re7 22. Ne6 Rf7 23. Nxf8 f4 24. Ng6 fxg3 25. fxg3 Rxh3 26. Re8+ Kd7 27. Rf8 Rxf8 28. Nxf8+ Ke8 29. Ne6 Rxh2 30. Rc1 Rh1+ 31. Kc2 Rxc1+ 32. Kxc1 Ne7 33. dxc5 Nxd5 34. Kd2 Ke7 35. Nf4 Nxf4 36. cxd6+ Kxd6 37. gxf4 Ke6 38. Ke3 Kf5 39. b4 b5 40. a3 g3 41. Kf3 g2 42. Kxg2 Kxf4 43. Kf2 Ke4 44. Ke2 Kd4 45. Kd2 Kc4 46. Kc2 Kd5 47. Kc3 Ke4 48. Kb3 Kd3 49. Kb2 Kd2 50. Kb3 Kc1 51. a4 Kb1 52. axb5 axb5 53. Kc3 Ka2 54. Kd4 Kb3 55. Kc5 Ka4 56. Kd4 Kxb4 57. Kd3 Kb3 58. Kd2 b4 59. Kd3 Ka2 60. Kd2 b3 61. Kd1 b2 62. Kc2 b1=Q+ 63. Kd2 Qb3 64. Ke2 Kb2 65. Ke1 Qd3 66. Kf2 Kc2 67. Kg1 Kd2 68. Kg2 Qe3 69. Kh1 Ke2 70. Kh2 Kf2 71. Kh1 Qh3# 0-1

[Event "Bluenose Winter Sectional D"]
[Site "Halifax CAN"]
[Date "1997.03.23"]
[Round "4"]
[White "Reddy, Tyler"]
[Black "Furrow, Matthew"]
[Result "1/2-1/2"]
[WhiteElo "1627"]
[BlackElo "1607"]
[PlyCount "53"]
[GameId "2160767911966285"]
[EventDate "1997.03.22"]
[EventType "tourn"]
[EventRounds "6"]
[EventCountry "CAN"]

1. c4 e5 2. Nc3 Nf6 3. Nf3 Nc6 4. g3 Bc5 5. e3 Qe7 6. Nb5 Bb6 7. Nh4 d6 8. Bg2 e4 9. O-O g5 10. b3 gxh4 11. Bb2 h3 12. Bh1 a6 13. Nc3 Rg8 14. Qb1 h5 15. Nxe4 Nxe4 16. Bxe4 h4 17. Bd5 Be6 18. Qh7 O-O-O 19. Qe4 Bxd5 20. Qxd5 Qe6 21. Qf3 Ne5 22. Qe2 Qg4 23. f3 Qg6 24. Bxe5 dxe5 25. Kh1 hxg3 26. hxg3 Qxg3 27. Rg1 1/2-1/2

[Event "Bluenose Winter Sectional D"]
[Site "Halifax CAN"]
[Date "1997.03.23"]
[Round "4"]
[White "Ziubinski, Mark"]
[Black "Toth, Steve"]
[Result "0-1"]
[WhiteElo "1542"]
[BlackElo "1452"]
[PlyCount "42"]
[GameId "2160767911966286"]
[EventDate "1997.03.22"]
[EventType "tourn"]
[EventRounds "6"]
[EventCountry "CAN"]

1. e4 d6 2. d4 e6 3. f4 Qh4+ 4. g3 Qd8 5. Nc3 c6 6. Be3 a6 7. Qd2 b5 8. a3 Nd7 9. Bg2 d5 10. e5 a5 11. Nf3 Nb6 12. b3 a4 13. bxa4 Nc4 14. Qc1 b4 15. axb4 Bxb4 16. Bd2 Qa5 17. Ne2 Ne3 18. Kf2 Ng4+ 19. Kf1 Bxd2 20. Nxd2 Ba6 21. Bf3 Ne3+ 0-1

[Event "Bluenose Winter Sectional D"]
[Site "Halifax CAN"]
[Date "1997.03.23"]
[Round "5"]
[White "Furrow, Matthew"]
[Black "Toth, Steve"]
[Result "0-1"]
[WhiteElo "1607"]
[BlackElo "1452"]
[PlyCount "74"]
[GameId "2160767911966287"]
[EventDate "1997.03.22"]
[EventType "tourn"]
[EventRounds "6"]
[EventCountry "CAN"]

1. d4 d6 2. e4 Nf6 3. Nc3 c6 4. Bd3 b5 5. Nf3 Bg4 6. d5 b4 7. Na4 Qa5 8. c4 c5 9. Bd2 Nbd7 10. b3 Ne5 11. Be2 Bxf3 12. gxf3 Ned7 13. Rg1 Nb6 14. Nxb6 Qxb6 15. Bd3 Nd7 16. Qe2 a5 17. a4 g6 18. Rc1 Ne5 19. f4 Nxd3+ 20. Qxd3 Bg7 21. f5 O-O-O 22. Qh3 Kb7 23. f4 Qc7 24. fxg6 hxg6 25. Qg3 Bf6 26. Kd1 Rh5 27. Rh1 Rdh8 28. Kc2 Qd7 29. Rcg1 Rh4 30. Re1 Rh3 31. Qg2 Bc3 32. Re3 Bxd2 33. Qxd2 Rxe3 34. Qxe3 Qh3 35. Qd2 Qf3 36. Re1 Rh3 37. Rb1 Qxe4+ 0-1

[Event "Bluenose Winter Sectional D"]
[Site "Halifax CAN"]
[Date "1997.03.23"]
[Round "5"]
[White "Ziubinski, Mark"]
[Black "Reddy, Tyler"]
[Result "0-1"]
[WhiteElo "1542"]
[BlackElo "1627"]
[PlyCount "76"]
[GameId "2160767911966288"]
[EventDate "1997.03.22"]
[EventType "tourn"]
[EventRounds "6"]
[EventCountry "CAN"]

1. e4 e6 2. d4 d5 3. Nc3 Bb4 4. e5 c5 5. a3 Bxc3+ 6. bxc3 Qa5 7. Bd2 Qc7 8. Nf3 Bd7 9. a4 Nc6 10. Bb5 cxd4 11. cxd4 a6 12. Bd3 Na5 13. O-O Nc4 14. Bxc4 Qxc4 15. c3 b5 16. axb5 Bxb5 17. Qc2 Qd3 18. Qxd3 Bxd3 19. Rfc1 Ne7 20. Ne1 Bc4 21. Nc2 O-O 22. Ne3 f6 23. f4 fxe5 24. fxe5 Rf7 25. Nxc4 dxc4 26. Rf1 Rxf1+ 27. Kxf1 Nd5 28. g3 h6 29. Ke2 a5 30. h4 a4 31. Kd1 a3 32. Kc2 Kf7 33. Bc1 Kg6 34. Bxa3 Kf5 35. Rf1+ Kg4 36. Bc1 Ra2+ 37. Kd1 Nxc3+ 38. Ke1 Re2# 0-1

[Event "Bluenose Winter Sectional D"]
[Site "Halifax CAN"]
[Date "1997.03.23"]
[Round "6"]
[White "Toth, Steve"]
[Black "Reddy, Tyler"]
[Result "0-1"]
[WhiteElo "1452"]
[BlackElo "1627"]
[PlyCount "56"]
[GameId "2160767911966289"]
[EventDate "1997.03.22"]
[EventType "tourn"]
[EventRounds "6"]
[EventCountry "CAN"]

1. e4 e6 2. Bd3 d5 3. Nc3 dxe4 4. Nxe4 Nf6 5. Nc3 Bc5 6. Na4 Bxf2+ 7. Kf1 Bxg1 8. Rxg1 Qd4 9. Nc3 Ng4 10. Ne4 Nxh2+ 11. Ke2 e5 12. c3 Bg4+ 13. Ke1 Qxd3 14. Kf2 Bxd1 15. Rxd1 Ng4+ 16. Kg1 Qxe4 17. d3 Qe2 18. Rf1 Ne3 19. Bxe3 Qxe3+ 20. Kh1 h5 21. Rfe1 Qg5 22. Re4 h4 23. d4 f6 24. dxe5 fxe5 25. Rae1 Nd7 26. R4e3 Rf8 27. Kh2 Rf2 28. R3e2 Qxg2# 0-1

[Event "Bonne annee"]
[Site "Charny CAN"]
[Date "1997.01.05"]
[Round "4"]
[White "Girard, Robin"]
[Black "Belanger, Jacques"]
[Result "1-0"]
[WhiteElo "2300"]
[BlackElo "1907"]
[PlyCount "47"]
[GameId "2160767912007839"]
[EventDate "1997.01.03"]
[EventType "swiss"]
[EventRounds "5"]
[EventCountry "CAN"]
[SourceTitle "Echec+ 1997.03"]

1. e4 c5 2. Nf3 Nc6 3. d4 cxd4 4. Nxd4 Nf6 5. Nc3 d6 6. Bc4 e6 7. Bb3 a6 8. Be3 Be7 9. O-O O-O 10. f4 Nxd4 11. Bxd4 b5 12. e5 dxe5 13. fxe5 Nd5 14. Ne4 Bb7 15. Qg4 Kh8 16. Rad1 Rc8 17. c3 Qe8 18. Rd3 b4 19. Rg3 g6 20. Nd6 Bxd6 21. exd6+ Kg8 22. Bxd5 Bxd5 23. Bf6 Rc4 24. Qg5 1-0

[Event "Botvinnik Anti Meran mem."]
[Site "Montreal CAN"]
[Date "1997.11.01"]
[Round "1"]
[White "Gravel, Simon M"]
[Black "Laurain, Guy1"]
[Result "1-0"]
[WhiteElo "2295"]
[BlackElo "1984"]
[PlyCount "41"]
[GameId "2160767911874424"]
[EventDate "1997.11.01"]
[EventType "swiss"]
[EventRounds "4"]
[EventCountry "CAN"]
[SourceTitle "EXT 2022"]
[Source "ChessBase"]
[SourceDate "2021.10.06"]
[SourceVersion "1"]
[SourceVersionDate "2021.10.06"]
[SourceQuality "1"]

1. d4 d5 2. c4 c6 3. Nf3 Nf6 4. Nc3 e6 5. Bg5 dxc4 6. e4 b5 7. e5 h6 8. Bh4 g5 9. Nxg5 hxg5 10. Bxg5 Nbd7 11. exf6 Bb7 12. g3 Qb6 13. Bg2 O-O-O 14. O-O c5 15. d5 Nb8 16. Qg4 b4 17. dxe6 fxe6 18. Bxb7+ Kxb7 19. Ne2 Bh6 20. Bxh6 Rxh6 21. Qg7+ 1-0

[Event "Botvinnik Anti Meran mem."]
[Site "Montreal CAN"]
[Date "1997.11.01"]
[Round "1"]
[White "Morin, Yves"]
[Black "Rousseau, Daniel"]
[Result "0-1"]
[WhiteElo "2246"]
[BlackElo "2038"]
[PlyCount "48"]
[GameId "2160767911874426"]
[EventDate "1997.11.01"]
[EventType "swiss"]
[EventRounds "4"]
[EventCountry "CAN"]
[SourceTitle "FQE 01"]

1. d4 d5 2. c4 c6 3. Nc3 Nf6 4. Nf3 e6 5. Bg5 dxc4 6. e4 b5 7. e5 h6 8. Bh4 g5 9. Bg3 Nd5 10. h4 Qa5 11. Qd2 b4 12. Nxd5 cxd5 13. hxg5 c3 14. bxc3 bxc3 15. Qc2 Nc6 16. Rb1 Nb4 17. Rxb4 Qxb4 18. g6 Bd7 19. gxf7+ Kd8 20. Bh4+ Kc7 21. Bd3 Ba4 22. Qc1 c2+ 23. Ke2 Qc3 24. Qf4 Ba3 0-1

[Event "Botvinnik Anti Meran mem."]
[Site "Montreal CAN"]
[Date "1997.11.01"]
[Round "2"]
[White "Landry, Sylvain"]
[Black "Bolduc, Steve"]
[Result "1-0"]
[WhiteElo "1978"]
[BlackElo "2182"]
[PlyCount "63"]
[GameId "2160767911874428"]
[EventDate "1997.11.01"]
[EventType "swiss"]
[EventRounds "4"]
[EventCountry "CAN"]
[SourceTitle "FQE 01"]

1. d4 d5 2. c4 c6 3. Nf3 Nf6 4. Nc3 e6 5. Bg5 dxc4 6. e4 b5 7. e5 h6 8. Bh4 g5 9. exf6 gxh4 10. Ne5 Qxf6 11. a4 Bb7 12. Be2 c5 13. Bh5 Bg7 14. O-O cxd4 15. Ng4 Qf4 16. Nxb5 O-O 17. Re1 Na6 18. g3 Qg5 19. Nd6 Bd5 20. f4 Qd8 21. Nxf7 Rxf7 22. Bxf7+ Kxf7 23. Ne5+ Kg8 24. Qh5 Qf6 25. Ng4 Qf8 26. Re5 Bxe5 27. fxe5 Qf3 28. Qg6+ Kh8 29. Qxh6+ Kg8 30. Nf6+ Kf7 31. Qh7+ Kf8 32. Qg8+ 1-0

[Event "Botvinnik Anti Meran mem."]
[Site "Montreal CAN"]
[Date "1997.11.01"]
[Round "2"]
[White "Laurain, Guy1"]
[Black "Morin, Yves"]
[Result "0-1"]
[WhiteElo "1984"]
[BlackElo "2246"]
[PlyCount "44"]
[GameId "2160767911874429"]
[EventDate "1997.11.01"]
[EventType "swiss"]
[EventRounds "4"]
[EventCountry "CAN"]
[SourceTitle "EXT 2022"]
[Source "ChessBase"]
[SourceDate "2021.10.06"]
[SourceVersion "1"]
[SourceVersionDate "2021.10.06"]
[SourceQuality "1"]

1. d4 d5 2. c4 c6 3. Nf3 Nf6 4. Nc3 e6 5. Bg5 dxc4 6. e4 b5 7. e5 h6 8. Bh4 g5 9. Nxg5 hxg5 10. Bxg5 Be7 11. exf6 Bxf6 12. Bxf6 Qxf6 13. a4 Rh4 14. axb5 Rxd4 15. Qh5 Bb7 16. Be2 Nd7 17. Rd1 c5 18. Rxd4 cxd4 19. Na4 Ke7 20. O-O Rg8 21. f3 Ne5 22. Kh1 Rh8 0-1

[Event "Botvinnik Anti Meran mem."]
[Site "Montreal CAN"]
[Date "1997.11.01"]
[Round "2"]
[White "Rousseau, Daniel"]
[Black "Gravel, Simon M"]
[Result "1-0"]
[WhiteElo "2038"]
[BlackElo "2295"]
[PlyCount "70"]
[GameId "2160767911874430"]
[EventDate "1997.11.01"]
[EventType "swiss"]
[EventRounds "4"]
[EventCountry "CAN"]
[SourceTitle "FQE 01"]

1. d4 d5 2. c4 c6 3. Nf3 Nf6 4. Nc3 e6 5. Bg5 dxc4 6. e4 b5 7. e5 h6 8. Bh4 g5 9. Nxg5 hxg5 10. Bxg5 Nbd7 11. g3 Rg8 12. h4 Rxg5 13. hxg5 Nd5 14. g6 fxg6 15. Qg4 Qe7 16. Bg2 Qf7 17. Be4 Ne7 18. Nxb5 cxb5 19. Bxa8 Qf5 20. Qe2 Nd5 21. a4 Bb4+ 22. Kf1 bxa4 23. Rh8+ Bf8 24. Rxa4 c3 25. Ra1 cxb2 26. Qxb2 Kf7 27. Rxa7 Kg7 28. Rh4 Be7 29. Rh1 Qf3 30. Kg1 Qd1+ 31. Kh2 Qh5+ 32. Kg2 Qg4 33. Bxd5 exd5 34. Qc1 Qe4+ 35. Kg1 Qxd4 1-0

[Event "Botvinnik Anti Meran mem."]
[Site "Montreal CAN"]
[Date "1997.11.01"]
[Round "3"]
[White "Bolduc, Steve"]
[Black "Morin, Yves"]
[Result "1-0"]
[WhiteElo "2182"]
[BlackElo "2246"]
[PlyCount "73"]
[GameId "2160767911874431"]
[EventDate "1997.11.01"]
[EventType "swiss"]
[EventRounds "4"]
[EventCountry "CAN"]
[SourceTitle "FQE 01"]

1. d4 d5 2. c4 c6 3. Nf3 Nf6 4. Nc3 e6 5. Bg5 dxc4 6. e4 b5 7. e5 h6 8. Bh4 g5 9. exf6 gxh4 10. Ne5 Qxf6 11. a4 Bb4 12. Be2 Bb7 13. Bf3 Qe7 14. O-O Bxc3 15. bxc3 Kf8 16. Re1 a6 17. Qd2 Kg7 18. Re4 h5 19. Rae1 Rh6 20. Bxh5 Rxh5 21. Nxf7 Bc8 22. Ne5 Ra7 23. Rg4+ Kh7 24. Qc2+ Rf5 25. Ree4 Qa3 26. Rxh4+ Kg8 27. Reg4+ Rg7 28. Rxg7+ Kxg7 29. g4 Qe7 30. Rh3 Qg5 31. Kf1 Rxe5 32. Qh7+ Kf8 33. Qh8+ Ke7 34. dxe5 Qc1+ 35. Kg2 Qc2 36. Qf6+ Kd7 37. Qf7+ 1-0